000 00334nam a2200121Ia 4500
008 250110s9999 xx 000 0 und d
041 _aeng
100 _aDeshpande A.
_9107363
245 _aHospice : Care Beyond Cure .-10th ed.
260 _bFinal Year B. Arch, BNCA
_c2001
300 _a237p
700 _aGuide Name:Modak S N
_9209397
999 _c362582
_d362582